| 000 | 01230cam a22003494a 4500 | ||
|---|---|---|---|
| 001 | 15930765 | ||
| 005 | 20200421093820.0 | ||
| 008 | 091002s2009 caua b 001 0 eng | ||
| 010 | _a 2009502815 | ||
| 015 |
_aGBA8A9481 _2bnb |
||
| 016 | 7 |
_a014754255 _2Uk |
|
| 020 | _a9780596523060 (pbk.) | ||
| 020 | _a0596523068 (pbk.) | ||
| 035 | _a(OCoLC)ocn253222692 | ||
| 040 |
_aUKM _cUKM _dYDXCP _dBWX _dOCLCQ _dIXA _dCDX _dDLC |
||
| 042 | _alccopycat | ||
| 050 | 0 | 0 |
_aQA76.73.S67 _bD385 2009 |
| 082 | 0 | 4 |
_a005.7565 _222 |
| 100 | 1 | _aDate, C. J. | |
| 245 | 1 | 0 |
_aSQL and relational theory : _bhow to write accurate SQL code / _cC.J. Date. |
| 250 | _a1st ed. | ||
| 260 |
_a[Sebastopol, CA] : _bO'Reilly, _cc2009. |
||
| 300 |
_axix, 404 p. : _bill. ; _c24 cm. |
||
| 490 | 1 | _aTheory in practice | |
| 504 | _aIncludes bibliographical references (p. 389-396) and index. | ||
| 650 | 0 |
_aSQL (Computer program language) _9174 |
|
| 650 | 0 |
_aRelational databases. _913 |
|
| 830 | 0 |
_aTheory in practice (Sebastopol, Calif.) _9175 |
|
| 906 |
_a7 _bcbc _ccopycat _d3 _encip _f20 _gy-gencatlg |
||
| 942 |
_2ddc _cBK |
||
| 999 |
_c156 _d156 |
||